Statistics for 10 Oldest NFL MVPs to ever live

Click here to take the quiz!

General Stats

  • This quiz has been taken 12 times
  • The average score is 5 of 10

Answer Stats

AgeMVP% Correct
4. 85Bart Starr
70%
3. 87Jim Brown
70%
1. 90Y.A. Tittle
70%
2. 87John Brodie
60%
6. 83Fran Tarkenton
50%
8. 81Roman Gabriel
50%
10, 77Alan Page
30%
9, 79Earl Morrall
20%
7. 83Jim Taylor
20%
5. 84Paul Hornung
20%

Score Distribution

Percentile by Number Answered

Percent of People with Each Score

Your Score History

You have not taken this quiz